[Event "Reykjavik Open 2024"]
[Site "Reykjavik ISL"]
[Date "2024.03.20"]
[Round "8.77"]
[White "Manenschijn, Wouter"]
[Black "Krassel, Timofei"]
[Result "1/2-1/2"]
[WhiteElo "1864"]
[BlackElo "2035"]
[WhiteFideId "1043366"]
[BlackFideId "55733948"]
[EventDate "2024.03.15"]

1. e4 e5 2. Nf3 Nc6 3. Nc3 Nf6 4. d4 exd4 5. Nxd4 Bb4 6. Nxc6 bxc6 7. Bd3 d5 8.
exd5 cxd5 9. O-O O-O 10. h3 h6 11. Qf3 Rb8 12. Bf4 Bd6 13. b3 Rb4 14. Bxd6 Qxd6
15. Nb5 Qc5 16. a4 c6 17. Nc3 Kh8 18. Na2 Rb8 19. Rfe1 Be6 20. Nc1 Rbe8 21. Ne2
Ne4 22. Bxe4 dxe4 23. Qc3 Qg5 24. Qe3 Qe5 25. Qxa7 c5 26. Qa5 e3 27. Qc3 exf2+
28. Kxf2 Qg5 29. Ng1 Bd5 30. Nf3 Bxf3 31. gxf3 h5 32. Rxe8 Rxe8 33. Rg1 Qh4+ 34.
Rg3 f6 35. Qxc5 g5 36. Qd6 Kg7 37. c3 Kg6 38. a5 Re5 39. Qd3+ Kh6 40. b4 Qf4 41.
a6 Qc1 42. Rg1 Qb2+ 43. Kf1 Qa2 44. b5 Rd5 45. Qe2 Rd2 46. Qxd2 Qxd2 47. a7 Qa2
48. b6 f5 49. Rg2 Qb1+ 50. Ke2 Qc2+ 51. Kf1 Qb1+ 52. Ke2 Qc2+ 1/2-1/2

[Event "Reykjavik Open 2024"]
[Site "Reykjavik ISL"]
[Date "2024.03.20"]
[Round "8.78"]
[White "Geirsson, Kristjan"]
[Black "Franco, Gaston"]
[Result "0-1"]
[WhiteElo "1819"]
[BlackElo "2021"]
[WhiteFideId "2313596"]
[BlackFideId "117722"]
[EventDate "2024.03.15"]

1. e4 c5 2. Nf3 Nc6 3. d4 cxd4 4. Nxd4 g6 5. c4 Bg7 6. Be3 Nf6 7. Nc3 O-O 8. Be2
d6 9. O-O Nxd4 10. Bxd4 Bd7 11. f3 a5 12. b3 Bc6 13. Qd2 Nd7 14. Be3 Nc5 15.
Rad1 Qb6 16. Rb1 Qb4 17. Nd5 Bxd5 18. Qxd5 Qc3 19. Qd2 Ne6 20. Qxc3 Bxc3 21.
Rfd1 Bb4 22. f4 a4 23. f5 Nd8 24. Bh6 Re8 25. h4 Nc6 26. Rd3 axb3 27. axb3 Ra2
28. Bh5 Rea8 29. fxg6 hxg6 30. Rg3 Kh7 31. Be3 gxh5 32. Rf1 Ra1 33. Bc1 Ne5 34.
Rg5 Rxc1 35. Rxh5+ Kg6 36. Rg5+ Kh6 0-1

[Event "Reykjavik Open 2024"]
[Site "Reykjavik ISL"]
[Date "2024.03.20"]
[Round "8.79"]
[White "Arun, Nitish"]
[Black "Erlbeck, Peter"]
[Result "1/2-1/2"]
[WhiteElo "1808"]
[BlackElo "2014"]
[WhiteFideId "2524201"]
[BlackFideId "4642910"]
[EventDate "2024.03.15"]

1. d4 f5 2. g3 Nf6 3. Bg2 g6 4. Nf3 Bg7 5. O-O O-O 6. c4 d6 7. Nc3 Qe8 8. Bf4 c6
9. b4 h6 10. Qb3 g5 11. Be3 e5 12. dxe5 dxe5 13. Bc5 Rf7 14. Bd6 Nbd7 15. c5 g4
16. Nd2 e4 17. Nc4 Nd5 18. Nxd5 cxd5 19. Nb2 Nf6 20. Rab1 Be6 21. Qd1 Nh5 22. e3
Rd7 23. a4 Rad8 24. Qc2 Qg6 25. Rfd1 Bf6 26. Bf1 Rh7 27. Rd2 Ng7 28. Nd1 Ne8 29.
Bf4 Qg7 30. Rc1 h5 31. Nc3 h4 32. Ne2 Be5 33. Rcd1 Nc7 34. Bxe5 Qxe5 35. Nf4
hxg3 36. fxg3 Bf7 37. Rd4 Rc8 38. R1d2 Kg7 39. Qd1 Qf6 1/2-1/2

[Event "Reykjavik Open 2024"]
[Site "Reykjavik ISL"]
[Date "2024.03.20"]
[Round "8.80"]
[White "Gudmundsson, Gunnar Erik"]
[Black "Omarsson, Josef"]
[Result "1-0"]
[WhiteElo "2009"]
[BlackElo "1803"]
[WhiteFideId "2314339"]
[BlackFideId "2316102"]
[EventDate "2024.03.15"]

1. Nf3 Nf6 2. d4 g6 3. Bg5 Bg7 4. Nbd2 O-O 5. c3 d6 6. e4 h6 7. Bh4 Nbd7 8. Bd3
Nh5 9. O-O g5 10. Bg3 e5 11. dxe5 Nxg3 12. fxg3 Nxe5 13. Nxe5 Bxe5 14. Nc4 Bg7
15. Ne3 Be6 16. Bc2 c6 17. Qd3 Re8 18. Kh1 Be5 19. Bb3 Qd7 20. Nf5 Bxf5 21. Rxf5
Re7 22. Raf1 Rf8 23. h4 gxh4 24. gxh4 Kh7 25. Qf3 f6 26. Rh5 Rg7 27. Qe3 Rg6 28.
Bd1 Rfg8 29. Rff5 Qg7 30. g4 a6 31. g5 fxg5 32. hxg5 Qe7 33. Bb3 R8g7 34. Qh3 d5
35. Rxh6+ Rxh6 36. Qxh6+ Kg8 37. exd5 Rf7 38. Rxf7 Kxf7 39. d6+ 1-0

[Event "Reykjavik Open 2024"]
[Site "Reykjavik ISL"]
[Date "2024.03.20"]
[Round "8.81"]
[White "Shivika, Rohilla"]
[Black "Wong-Godfrey, Emerson P"]
[Result "0-1"]
[WhiteTitle "WFM"]
[WhiteElo "2003"]
[BlackElo "1799"]
[WhiteFideId "45015414"]
[BlackFideId "30996309"]
[EventDate "2024.03.15"]

1. Nf3 Nf6 2. c4 g6 3. Nc3 Bg7 4. e4 d6 5. d4 O-O 6. h3 Nbd7 7. Be3 e5 8. d5 a5
9. a3 b6 10. b4 Ne8 11. g3 f5 12. Bg2 Ndf6 13. b5 Nxe4 14. Nxe4 fxe4 15. Ng5 Nf6
16. g4 Bd7 17. Nxe4 Nxe4 18. Bxe4 Qh4 19. Qd2 Rf4 20. Bxf4 exf4 21. Ra2 Re8 22.
Qe2 h5 23. Kf1 Bf5 24. gxf5 gxf5 25. Rg1 Qxh3+ 26. Bg2 Rxe2 27. Bxh3 Rxa2 28.
Bxf5 f3 29. Be6+ Kf8 0-1

[Event "Reykjavik Open 2024"]
[Site "Reykjavik ISL"]
[Date "2024.03.20"]
[Round "8.82"]
[White "Atharva M Parulekar"]
[Black "Bjornsson, Sigurbjorn"]
[Result "0-1"]
[BlackTitle "FM"]
[WhiteElo "1580"]
[BlackElo "2305"]
[WhiteFideId "35007190"]
[BlackFideId "2300974"]
[EventDate "2024.03.15"]

1. e4 c5 2. Nf3 d6 3. c3 Nf6 4. h3 g6 5. Bd3 Bg7 6. Bc2 O-O 7. d4 cxd4 8. cxd4
Nc6 9. O-O e5 10. Re1 exd4 11. Nxd4 Re8 12. Ba4 Rxe4 13. Rxe4 Nxe4 14. Nxc6 bxc6
15. Bxc6 Nxf2 16. Qe2 Nxh3+ 17. Kh1 Bg4 18. Qe1 Rc8 19. gxh3 Bxh3 20. Bg2 Rxc1
21. Qxc1 Qh4 22. Nc3 Be6+ 23. Kg1 Bd4+ 24. Kf1 Qf2# 0-1

[Event "Reykjavik Open 2024"]
[Site "Reykjavik ISL"]
[Date "2024.03.20"]
[Round "8.83"]
[White "Povah, Nigel E"]
[Black "Bjarnason, Kristinn"]
[Result "1-0"]
[WhiteTitle "IM"]
[WhiteElo "2202"]
[BlackElo "1934"]
[WhiteFideId "400467"]
[BlackFideId "2323028"]
[EventDate "2024.03.15"]

1. d4 Nf6 2. Bg5 d5 3. Bxf6 exf6 4. e3 Be6 5. Bd3 g6 6. Nd2 c5 7. dxc5 Qa5 8.
Ne2 Nc6 9. c3 Qxc5 10. Nf4 Bh6 11. g3 O-O 12. h4 Rfe8 13. Nb3 Qd6 14. Kf1 Rad8
15. h5 g5 16. Ng2 Ne5 17. Be2 Nc6 18. Nd4 a6 19. Ne1 Nxd4 20. Qxd4 Qe5 21. Nf3
Qxd4 22. Nxd4 f5 23. f4 Bc8 24. Kf2 Kg7 25. Rad1 Kf6 26. Bf3 Be6 27. Rd2 Re7 28.
Nb3 b6 29. Rhd1 Red7 30. a3 Bf8 31. Nd4 Rc7 32. Nc2 Rcd7 33. Be2 b5 34. Nd4 Rd6
35. Nf3 g4 36. Ne5 Be7 37. Bf1 Bf8 38. Bg2 Be7 39. Rd4 Kg7 40. R4d2 Kf6 41. Nd3
Rc6 42. Nc1 Rcd6 43. Nb3 R6d7 44. Na5 Bf8 45. Nc6 Re8 46. Bxd5 Rd6 47. Bxe6
Rdxe6 48. Ne5 Kg7 49. Rd7 Kg8 50. Rxf7 Rxe5 51. Rxf8+ Kxf8 52. fxe5 Rxe5 53. Rd6
a5 54. Rb6 Rd5 55. Ke2 a4 56. h6 Kf7 57. Rc6 f4 58. gxf4 Rh5 59. Kf2 Rh2+ 60.
Kg3 Rxb2 61. Kxg4 Rb3 62. Kf5 Rxa3 63. Rc7+ Kf8 64. Ke6 1-0

[Event "Reykjavik Open 2024"]
[Site "Reykjavik ISL"]
[Date "2024.03.20"]
[Round "8.84"]
[White "Birkisson, Bardur Orn"]
[Black "Hill, Andy"]
[Result "1/2-1/2"]
[WhiteTitle "CM"]
[WhiteElo "2189"]
[BlackElo "1926"]
[WhiteFideId "2310597"]
[BlackFideId "499927"]
[EventDate "2024.03.15"]

1. e4 e6 2. d4 d5 3. Nd2 Nf6 4. e5 Nfd7 5. Bd3 c5 6. c3 Nc6 7. Ne2 cxd4 8. cxd4
f6 9. Nf4 Nxd4 10. Qh5+ Ke7 11. exf6+ Nxf6 12. Ng6+ hxg6 13. Qxh8 Kf7 14. O-O e5
15. Nb3 Nxb3 16. axb3 Bf5 17. Bxf5 gxf5 18. Bg5 Bc5 19. Qh3 Qd7 20. Bxf6 Kxf6
21. b4 Bb6 22. Qh4+ Kf7 23. Ra3 Qe6 24. Rd1 Rc8 25. Qh5+ Qg6 26. Qe2 Qe6 27. Rg3
g6 28. h4 Rh8 29. Qf3 Rxh4 30. Qxd5 Qxd5 31. Rxd5 Rf4 32. Rf3 Rxf3 33. gxf3 Ke6
34. Rb5 g5 35. Kg2 Kd6 36. Kf1 Ke6 37. Ke2 Kd6 38. b3 Ke6 39. Kd3 Bxf2 40. Rxb7
g4 41. fxg4 fxg4 42. Rg7 g3 43. Ke4 Kf6 44. Rg8 Kf7 45. Rg4 Kf6 46. b5 Ke6 47.
Rg6+ Kf7 48. Rg5 Kf6 49. Rg8 Kf7 50. Rg5 Kf6 51. Rg8 1/2-1/2

[Event "Reykjavik Open 2024"]
[Site "Reykjavik ISL"]
[Date "2024.03.20"]
[Round "8.85"]
[White "Kaser, Nicolas"]
[Black "Loncke, Matthieu"]
[Result "1/2-1/2"]
[WhiteElo "1919"]
[BlackElo "2175"]
[WhiteFideId "1327739"]
[BlackFideId "45197148"]
[EventDate "2024.03.15"]

1. e4 c5 2. Nf3 d6 3. Bb5+ Bd7 4. Bxd7+ Nxd7 5. c4 Ngf6 6. Nc3 g6 7. O-O Bg7 8.
d4 cxd4 9. Nxd4 O-O 10. b3 a6 11. Be3 Rc8 12. Rc1 Nc5 13. f3 Qa5 14. Qd2 Rfe8
15. Rfd1 Ne6 16. Nxe6 fxe6 17. Qd3 Nd7 18. Bd2 Qh5 19. g4 Ne5 20. gxh5 Nxd3 21.
Rc2 Rf8 22. Kg2 Nf4+ 23. Bxf4 Rxf4 24. hxg6 hxg6 25. Ne2 Rh4 26. f4 Kf7 27. Rd3
b5 28. Rh3 Rxh3 29. Kxh3 d5 30. exd5 exd5 31. c5 Ke6 32. Kg4 Bf6 33. Nc1 d4 34.
Nd3 a5 35. Kf3 Kd5 36. Rg2 Rh8 37. Rc2 Kc6 38. Kg3 Rh5 39. Kg4 e5 40. fxe5 Bxe5
41. h3 Bf6 42. Re2 Rg5+ 43. Kf3 Rf5+ 44. Kg2 Kd5 45. Re8 Bh4 46. Kh2 Rf3 47.
Re5+ Kc6 48. Re6+ Kd7 49. Rd6+ Kc7 50. Rxd4 Bf6 51. Rd5 Re3 52. Kg2 Re2+ 53. Kf3
Rxa2 54. Rd6 Rd2 55. Ke4 Re2+ 56. Kf3 Rd2 57. Ke4 Re2+ 1/2-1/2

[Event "Reykjavik Open 2024"]
[Site "Reykjavik ISL"]
[Date "2024.03.20"]
[Round "8.86"]
[White "Johannsson, Birkir Isak"]
[Black "Larkin, Benjamin"]
[Result "1/2-1/2"]
[WhiteElo "2161"]
[BlackElo "1914"]
[WhiteFideId "2314673"]
[BlackFideId "479977"]
[EventDate "2024.03.15"]

1. Nf3 Nf6 2. c4 g6 3. Nc3 d5 4. cxd5 Nxd5 5. h4 Bg7 6. e4 Nxc3 7. dxc3 Qxd1+ 8.
Kxd1 Bg4 9. Kc2 e5 10. Be3 Nd7 11. Nd2 Be6 12. h5 f5 13. f3 Ke7 14. a4 a5 15.
Bc4 f4 16. Bf2 Bf6 17. b4 b6 18. Bxe6 Kxe6 19. Nc4 axb4 20. cxb4 gxh5 21. Kb3
Rhg8 22. Rh2 b5 23. Nb2 bxa4+ 24. Rxa4 Rxa4 25. Nxa4 c6 26. Kc4 Be7 27. Nb2 Bd6
28. Nd3 Nf6 29. Bh4 Nd7 30. Bf2 Nf6 31. Bh4 Nd7 1/2-1/2

[Event "Reykjavik Open 2024"]
[Site "Reykjavik ISL"]
[Date "2024.03.20"]
[Round "8.87"]
[White "Bergsson, Stefan"]
[Black "Naudin, Yvan"]
[Result "1-0"]
[WhiteElo "2144"]
[BlackElo "1912"]
[WhiteFideId "2301393"]
[BlackFideId "625957"]
[EventDate "2024.03.15"]

1. e4 c5 2. Nf3 Nc6 3. d4 cxd4 4. Nxd4 e5 5. Nb5 d6 6. N1c3 a6 7. Na3 Be6 8. Nc4
Rb8 9. Bd3 Be7 10. O-O Nf6 11. Ne3 O-O 12. Kh1 Nd7 13. a3 Nb6 14. Ncd5 Bxd5 15.
exd5 Na7 16. f4 Nd7 17. Nf5 Nc8 18. Rf3 g6 19. Rh3 Nf6 20. fxe5 dxe5 21. Bh6 Re8
22. Qf3 e4 23. Bxe4 Nxe4 24. Qxe4 Bf6 25. Qf3 Nd6 26. Nxd6 Qxd6 27. Rf1 Re7 28.
Bd2 Bd4 29. Rh4 Bc5 30. b4 Ba7 31. Bf4 Qd7 32. Bxb8 Bxb8 33. Re4 Qd6 34. g3 Rd7
35. Re8+ Kg7 36. c4 Bc7 37. c5 Qxd5 38. Qxd5 Rxd5 1-0

[Event "Reykjavik Open 2024"]
[Site "Reykjavik ISL"]
[Date "2024.03.20"]
[Round "8.88"]
[White "Halldorsson, Kristjan"]
[Black "Mueller, Magnus"]
[Result "0-1"]
[WhiteElo "1887"]
[BlackElo "2144"]
[WhiteFideId "2302551"]
[BlackFideId "16230060"]
[EventDate "2024.03.15"]

1. d4 Nf6 2. c4 g6 3. Nc3 Bg7 4. e4 O-O 5. Nf3 d6 6. Be2 Nbd7 7. O-O e5 8. dxe5
dxe5 9. h3 c6 10. Be3 Qe7 11. Ne1 Nc5 12. Qc2 Ne6 13. Rd1 Re8 14. Qc1 Kh8 15. a3
Nd7 16. Bg4 Ndc5 17. Nf3 Nb3 18. Qb1 Ned4 19. Bxc8 Nxf3+ 20. gxf3 Raxc8 21. Ne2
c5 22. Nc3 Nd4 23. Kg2 f5 24. Bxd4 exd4 25. Nd5 Qg5+ 26. Kh1 Qh4 27. Kg2 fxe4
28. fxe4 Rxe4 29. Qd3 Re5 30. f4 Re6 31. Qg3 Qxg3+ 32. Kxg3 b5 33. b3 Ra6 34.
Ra1 bxc4 35. bxc4 Ra4 36. f5 gxf5 37. Rxf5 Re8 38. Rf7 d3 39. Rd1 Rxa3 40. Rf3
Bd4 41. Rdxd3 Rg8+ 42. Kh4 Ra6 43. Kh5 Re6 44. Rf5 Rgg6 45. Rdf3 Rh6+ 46. Kg4
Reg6+ 47. Rg5 Kg7 48. Ne7 Rxg5+ 49. Kxg5 Bf6+ 50. Rxf6 Rxf6 0-1

[Event "Reykjavik Open 2024"]
[Site "Reykjavik ISL"]
[Date "2024.03.20"]
[Round "8.89"]
[White "Airlie, Arran"]
[Black "George Samir, David"]
[Result "0-1"]
[BlackTitle "FM"]
[WhiteElo "1894"]
[BlackElo "2130"]
[WhiteFideId "442011"]
[BlackFideId "10657789"]
[EventDate "2024.03.15"]

1. e4 c5 2. Nf3 d6 3. d4 cxd4 4. Nxd4 Nf6 5. Nc3 Nc6 6. b3 Qa5 7. Bb2 Nxe4 8.
Qf3 Ng5 9. Qe3 Qe5 10. Ncb5 Qxe3+ 11. fxe3 Kd8 12. O-O-O Ne4 13. Rg1 a6 14. Nc3
Nxc3 15. Bxc3 Kc7 16. Bc4 Ne5 17. Bd5 e6 18. Be4 f5 19. Bd3 Nxd3+ 20. cxd3 b6
21. g4 fxg4 22. Rdf1 Bd7 23. Rf7 Kd8 24. Ne2 e5 25. Rgf1 Ke8 26. d4 Rc8 27. Kd2
Bb5 28. R7f2 g6 29. dxe5 Bg7 30. Rf7 Rf8 31. Rxf8+ Bxf8 32. Bb4 a5 33. Ba3 Bxe2
34. Kxe2 Rc2+ 35. Kd3 Rxa2 36. Bxd6 Bxd6 37. exd6 Rxh2 38. Ke4 Kd7 39. Kf4 Kxd6
40. Kxg4 Rb2 41. Rd1+ Ke5 42. Rd3 Ke4 43. Rc3 Rg2+ 44. Kh3 Re2 45. Rc4+ Kxe3 46.
Rc6 Rb2 47. Rxb6 Kd4 48. Rb5 a4 49. Rb4+ Kc5 50. Rxa4 Rxb3+ 51. Kh4 Rb4+ 0-1

[Event "Reykjavik Open 2024"]
[Site "Reykjavik ISL"]
[Date "2024.03.20"]
[Round "8.90"]
[White "Strathmann, Sacha"]
[Black "Thieu, Nguyen Gia Bao"]
[Result "1-0"]
[WhiteElo "2129"]
[BlackElo "1906"]
[WhiteFideId "4693825"]
[BlackFideId "12913383"]
[EventDate "2024.03.15"]

1. e4 c5 2. Nc3 Nc6 3. Bb5 g6 4. Bxc6 bxc6 5. f4 Bg7 6. Nf3 d6 7. h3 Nf6 8. g4
Qc7 9. d3 Ba6 10. Qe2 Nd7 11. Nd1 e6 12. c4 h5 13. g5 O-O-O 14. Bd2 Bd4 15. Nc3
Nb6 16. O-O-O d5 17. b3 Bxc3 18. Bxc3 Qxf4+ 19. Kc2 d4 20. Bd2 Qc7 21. Qh2 Qxh2
22. Rxh2 Nd7 23. e5 Kb7 24. Rf2 Rb8 25. Ba5 Rbf8 26. Rdf1 h4 27. Rg2 Rh5 28. Rg4
Rfh8 29. Rf4 R5h7 30. Re1 Kb8 31. Ree4 Bc8 32. Be1 Kc7 33. Kd1 Kd8 34. Ba5+ Ke8
35. Bc7 Rh5 36. Bd6 R8h7 37. Rg4 Bb7 38. Ref4 Rh8 39. Nd2 f5 40. exf6 Kf7 41.
Ne4 Bc8 42. Rg1 e5 43. Rf3 R8h7 44. Kc1 Rh8 45. Kb2 1-0

[Event "Reykjavik Open 2024"]
[Site "Reykjavik ISL"]
[Date "2024.03.20"]
[Round "8.91"]
[White "Maack, Kjartan"]
[Black "Eliasson, Kristjan Orn"]
[Result "1/2-1/2"]
[WhiteElo "2102"]
[BlackElo "1902"]
[WhiteFideId "2301806"]
[BlackFideId "2301784"]
[EventDate "2024.03.15"]

1. d4 d6 2. g3 Nf6 3. Bg2 g6 4. c4 Bg7 5. Nc3 O-O 6. Nf3 Nbd7 7. e4 e5 8. O-O h6
9. h3 Kh7 10. Be3 Qe7 11. Qc2 exd4 12. Nxd4 Ne5 13. Nd5 Qd8 14. Rad1 c6 15.
Nxf6+ Qxf6 16. f4 Nd7 17. Rd2 Rd8 18. Rfd1 Bf8 19. Nf3 Qe6 20. Kh2 c5 21. e5 Re8
22. Bf2 dxe5 23. Nxe5 Nxe5 24. fxe5 Rb8 25. Kg1 b6 26. Bd5 Qxh3 27. Qa4 Re7 28.
Re1 Bg7 29. Rde2 Bg4 30. Re3 Rbe8 31. Bc6 Rd8 32. Bd5 Qh5 33. a3 Rde8 34. Bc6
Rf8 35. Bg2 Bxe5 36. b4 Qf5 37. bxc5 bxc5 38. Be4 Qf6 39. Qc2 Kg7 40. Bd5 Rfe8
41. Qd2 Rb8 42. Re4 Bf5 43. Bxc5 Bxe4 44. Bxe7 Qxe7 45. Rxe4 Qc5+ 46. Qf2 Rb1+
47. Kg2 Rb2 48. Re2 Qxf2+ 49. Rxf2 Rxf2+ 50. Kxf2 Bd4+ 51. Kf3 f5 52. a4 Kf6 53.
a5 a6 54. Bb7 Bc3 55. Bxa6 Bxa5 56. g4 Bb6 57. gxf5 gxf5 58. Bc8 Bc7 59. Bxf5
Kxf5 60. Kg2 Kg4 61. c5 h5 62. c6 h4 63. Kh1 Kf3 64. Kg1 Ke2 65. Kg2 1/2-1/2

[Event "Reykjavik Open 2024"]
[Site "Reykjavik ISL"]
[Date "2024.03.20"]
[Round "8.92"]
[White "Spagnoli, Benjamin"]
[Black "Reimer, Philip"]
[Result "0-1"]
[WhiteElo "1883"]
[BlackElo "2095"]
[WhiteFideId "20667116"]
[BlackFideId "16235860"]
[EventDate "2024.03.15"]

1. d4 Nf6 2. Nc3 d5 3. Bf4 c5 4. e4 Nxe4 5. Nxe4 dxe4 6. dxc5 Qxd1+ 7. Rxd1 Bd7
8. Ne2 Na6 9. Nc3 Nxc5 10. Bb5 Bxb5 11. Nxb5 Ne6 12. O-O a6 13. Nc7+ Nxc7 14.
Bxc7 Rc8 15. Ba5 e6 16. c3 Bc5 17. c4 Ke7 18. Rfe1 f5 19. Bc3 Rhg8 20. b4 Ba7
21. c5 Bb8 22. f3 exf3 23. gxf3 Rcd8 24. Bd2 g5 25. Re2 Bf4 26. Kf2 Rd3 27. a4
h6 28. b5 axb5 29. axb5 Rgd8 30. Bxf4 Rxd1 31. Bc7 R8d2 32. Bd6+ Kd7 33. Bf8
Rxe2+ 34. Kxe2 Rb1 35. c6+ bxc6 36. bxc6+ Kxc6 37. Bxh6 Rb2+ 38. Ke3 Rxh2 39.
Bxg5 Kd5 40. Bf4 Ra2 41. Bg5 e5 42. f4 Ra3+ 43. Ke2 exf4 44. Bxf4 Ke4 45. Bd6
Ra2+ 46. Ke1 Kf3 0-1

[Event "Reykjavik Open 2024"]
[Site "Reykjavik ISL"]
[Date "2024.03.20"]
[Round "8.93"]
[White "Fridjonsson, Julius"]
[Black "Carey, Michael"]
[Result "1/2-1/2"]
[WhiteElo "2070"]
[BlackElo "1880"]
[WhiteFideId "2300842"]
[BlackFideId "30923760"]
[EventDate "2024.03.15"]

1. c4 c5 2. Nc3 g6 3. g3 Bg7 4. Bg2 Nc6 5. Nf3 e5 6. O-O d6 7. d3 Nge7 8. a3 O-O
9. Rb1 a5 10. Ne1 Be6 11. Nd5 Rb8 12. Nc2 b5 13. Bg5 f6 14. Bd2 b4 15. Nce3 Qd7
16. a4 Bh3 17. b3 Bxg2 18. Kxg2 f5 19. Nxe7+ Nxe7 20. Nd5 Nxd5 21. cxd5 f4 22.
Qc2 Qf7 23. Qc4 f3+ 24. exf3 Qxf3+ 25. Kg1 Rf6 26. Qe4 Qh5 27. Kg2 Rbf8 28. f3
Qf5 29. Rbe1 Qd7 1/2-1/2

[Event "Reykjavik Open 2024"]
[Site "Reykjavik ISL"]
[Date "2024.03.20"]
[Round "8.94"]
[White "Bottema, Martin"]
[Black "Ferzli, Michael"]
[Result "1-0"]
[WhiteElo "2053"]
[BlackElo "1879"]
[WhiteFideId "1011006"]
[BlackFideId "5310288"]
[EventDate "2024.03.15"]

1. c4 Nf6 2. Nf3 e6 3. g3 d5 4. Bg2 Be7 5. O-O O-O 6. d4 c6 7. b3 a5 8. Qc2 Nbd7
9. Bb2 Ne4 10. Nfd2 f5 11. e3 Qe8 12. f3 Nef6 13. Nc3 Qh5 14. Rac1 Bd6 15. Ne2
g5 16. Qd3 Qg6 17. e4 f4 18. Qb1 Bb4 19. Bc3 fxg3 20. hxg3 Nh5 21. Qb2 Bd6 22.
e5 Be7 23. Qb1 Qxb1 24. Rxb1 b5 25. Bh3 Ng7 26. c5 b4 27. Bb2 Ba6 28. Rfe1 h5
29. Ra1 Kh7 30. a3 Bb5 31. Kg2 Nf5 32. Nf1 Kg6 33. Kh2 bxa3 34. Rxa3 Nxc5 35.
dxc5 Bxc5 36. Nc3 Nd4 37. Nd2 Bxa3 38. Bxa3 Nxf3+ 39. Nxf3 Rxf3 40. Nxb5 cxb5
41. Bxe6 Rd8 42. Bd6 d4 43. Rd1 d3 44. Bd5 Re3 45. Rxd3 Re2+ 46. Kg1 h4 47. gxh4
gxh4 48. Kf1 Ra2 49. Be4+ Kh5 50. e6 Rc8 51. Bf3+ Kg6 52. e7 Rac2 53. Re3 Rc1+
54. Re1 Rxe1+ 55. Kxe1 b4 56. Bg4 Rg8 57. Bd7 Kf7 58. Kf2 Ra8 59. Kg2 a4 60. Bc6
Rg8+ 61. Kh2 axb3 62. Bd5+ Ke8 63. Bxg8 b2 64. Bh7 1-0

[Event "Reykjavik Open 2024"]
[Site "Reykjavik ISL"]
[Date "2024.03.20"]
[Round "8.95"]
[White "Tinkler, Paul"]
[Black "Skarphedinsson, Ingvar Wu"]
[Result "1/2-1/2"]
[WhiteElo "1872"]
[BlackElo "2049"]
[WhiteFideId "30961289"]
[BlackFideId "2316943"]
[EventDate "2024.03.15"]

1. e4 e6 2. d4 d5 3. e5 c5 4. Nf3 Nc6 5. Bd3 cxd4 6. O-O Nge7 7. Re1 Ng6 8. Nbd2
Qc7 9. Bxg6 hxg6 10. Nb3 Bd7 11. Nbxd4 Nxd4 12. Nxd4 Bc5 13. c3 Qb6 14. Rb1 Bxd4
15. cxd4 Rc8 16. Be3 O-O 17. Qd2 Rc7 18. Rec1 Rfc8 19. Rxc7 Rxc7 20. Rc1 Rxc1+
21. Qxc1 Bc6 22. h3 1/2-1/2

[Event "Reykjavik Open 2024"]
[Site "Reykjavik ISL"]
[Date "2024.03.20"]
[Round "8.96"]
[White "Alic, Miran"]
[Black "Jonsson, Johann"]
[Result "1/2-1/2"]
[WhiteElo "2033"]
[BlackElo "1875"]
[WhiteFideId "24605425"]
[BlackFideId "2321688"]
[EventDate "2024.03.15"]

1. d4 d5 2. Nf3 Nf6 3. g3 g6 4. Bg2 Bg7 5. O-O O-O 6. c4 c6 7. b3 Ne4 8. Bb2 Nd7
9. e3 e6 10. Nbd2 Nxd2 11. Qxd2 Re8 12. Rfd1 a5 13. Qe2 b6 14. e4 Bb7 15. e5 Qe7
16. Nd2 Rac8 17. f4 c5 18. Rac1 cxd4 19. Bxd4 Ba6 20. Qe3 dxc4 21. Ne4 cxb3 22.
axb3 Rxc1 23. Rxc1 Rc8 24. Rxc8+ Bxc8 25. Nd6 Qd8 26. Bc6 Bf8 27. Bxd7 Qxd7 28.
Bxb6 Bxd6 29. exd6 Qxd6 30. Bxa5 Qd1+ 31. Kf2 Ba6 32. Be1 Qc2+ 33. Bd2 Qd1 34.
Be1 Qc2+ 1/2-1/2

[Event "Reykjavik Open 2024"]
[Site "Reykjavik ISL"]
[Date "2024.03.20"]
[Round "8.97"]
[White "Smith, Alexander"]
[Black "Gortemaker, Lucas"]
[Result "0-1"]
[WhiteElo "1857"]
[BlackElo "2032"]
[WhiteFideId "30996910"]
[BlackFideId "1013394"]
[EventDate "2024.03.15"]

1. c4 e5 2. Nc3 Bb4 3. Nd5 Bf8 4. Nf3 c6 5. Nc3 f6 6. d4 d6 7. Qc2 Bg4 8. e3 Ne7
9. Bd3 g6 10. Ne4 Bg7 11. c5 Nc8 12. dxe5 dxe5 13. Qb3 Qd5 14. Qxb7 Qxd3 15.
Qxg7 Rf8 16. Nxf6+ Rxf6 17. Qxf6 e4 18. Qd4 Nd7 19. Qxd3 exd3 20. O-O Ne7 21. b3
Bxf3 22. gxf3 Ne5 23. f4 Nf3+ 24. Kg2 Nh4+ 25. Kh3 Nhf5 26. e4 Nd4 27. Be3 Ne2
28. f3 O-O-O 29. Rfd1 Ng8 30. Kg2 Nf6 31. Kf2 Nc3 32. Rd2 Nh5 33. Rc1 Ne2 34.
Rxe2 dxe2 35. Kxe2 Kc7 36. Rg1 Rf8 37. Rg4 Nf6 38. Rg5 Nd7 39. h4 Rf7 40. h5 Nf8
41. hxg6 hxg6 42. Rg4 Kd7 43. Bd4 Rh7 44. Rg2 Rh1 45. Bg1 Ke6 46. Rg5 Kf7 47. f5
Kf6 48. fxg6 Nxg6 49. Rg4 Rh7 50. f4 Nf8 51. Bd4+ Kf7 52. Kd3 Ne6 53. f5 Nc7 54.
Rg6 Na6 0-1

[Event "Reykjavik Open 2024"]
[Site "Reykjavik ISL"]
[Date "2024.03.20"]
[Round "8.99"]
[White "Phan, Stefanus Kf"]
[Black "Hauksdottir, Hrund"]
[Result "1-0"]
[WhiteElo "2019"]
[BlackElo "1859"]
[WhiteFideId "5806283"]
[BlackFideId "2302608"]
[EventDate "2024.03.15"]

1. c4 Nf6 2. g3 e6 3. Bg2 d5 4. Nf3 Be7 5. O-O O-O 6. b3 c5 7. cxd5 exd5 8. d4
Nc6 9. Bb2 Ne4 10. dxc5 Bxc5 11. e3 Bg4 12. h3 Be6 13. Nc3 Qd7 14. Nxe4 dxe4 15.
Ng5 f5 16. Qh5 g6 17. Qh6 Rfe8 18. Rfd1 Qc7 19. Bf1 Bf8 20. Qh4 h6 21. Nxe6 Rxe6
22. Bc4 Re8 23. Qf6 Qf7 24. Qh8# 1-0

[Event "Reykjavik Open 2024"]
[Site "Reykjavik ISL"]
[Date "2024.03.20"]
[Round "8.100"]
[White "Cherukuri, Nitesh"]
[Black "Abbott, James"]
[Result "1/2-1/2"]
[WhiteElo "2000"]
[BlackElo "1852"]
[WhiteFideId "30978688"]
[BlackFideId "2078082"]
[EventDate "2024.03.15"]

1. e4 c5 2. Nf3 d6 3. Bb5+ Nd7 4. a4 a6 5. Be2 e6 6. O-O Ne7 7. d4 cxd4 8. Qxd4
Nc6 9. Qe3 Be7 10. Nc3 O-O 11. Rd1 Nb4 12. Ne1 Qc7 13. Qg3 Ne5 14. Bf4 b6 15.
Ra3 Rd8 16. Be3 Rb8 17. f4 Nd7 18. h4 Nc5 19. h5 h6 20. Bd4 Bf8 21. Bf3 Qe7 22.
Rd2 Nc6 23. Be3 Na5 24. b3 Nc6 25. Ra1 Kh8 26. Rad1 Bb7 27. Nd3 Ba8 28. Qf2 Nxd3
29. cxd3 b5 30. axb5 axb5 31. d4 b4 32. Ne2 Na5 33. Rb2 d5 34. e5 Rdc8 35. g4
Bc6 36. f5 Be8 37. f6 gxf6 38. exf6 Qxf6 39. Bf4 Bg7 40. Bxb8 Rxb8 41. Bg2 Bb5
42. Qg3 Rc8 43. Bf1 Kg8 44. Kg2 e5 45. Qe1 1/2-1/2